Biblioteka Instytutu Północnego w Olsztynie

Inteligencja polska XIX i XX wieku : (Rekord nr 27717)

Szczegóły MARC
000 -Nagłówek
fixed length control field 02342cam a2200565 i 4500
001 - Nr kontrolny bibl., która utworzyła rek.
control field zz2005864633
003 - Siglum bibl., której nr kontr. jest w 001
control field NUKAT
005 - Data i czas ostatniej operacji
control field 20260422114236.0
008 - Elementy pola stałej długości
fixed length control field 050331s1983 pl g |001 0 pol c
020 ## - ISBN
ISBN 8301044470
dopowiedzenie (oprawa miękka ;
-- całość)
020 ## - ISBN
ISBN 8301044489
dopowiedzenie (oprawa miękka ;
-- t. 3)
035 ## - Systemowy numer kontrolny
systemowy numer kontrolny (OCoLC)69332675
035 ## - Systemowy numer kontrolny
systemowy numer kontrolny (NUKAT)zz2005864633
040 ## - Instytucja sporządzająca opis
Instytucja, która sporządziła opis POZN U/BUJD
język katalgowania-trzyzn. kod pol
zasady opisu rda
Instytucja, która sporządziła rekord POZN U/RD
Instytucja, która zmodyfikowała rekord POZN U/RD
-- WA U/EDPs
-- KR U/42JCs
-- WA 14/MBs
-- OLSZT 008/bak
041 0# - Kod nazwy języka dokumentu
Język tekstu pol
Język streszczeń fre
-- rus
045 2# - Okres czasu dla zawartości
czas między r. 9999 pne a nasz. czas. d1830
-- d1945
046 ## - Kod rodz. daty, data1, data2 (daty pne)
Begin/single date 1983
099 ## - Dowolny opis lokalny sygnatury
symbol klasyfikacji tn_180035
245 00 - Tytuł właściwy i oznaczenie odpow.
tytuł Inteligencja polska XIX i XX wieku :
dodatek do tytułu studia.
numer części/sekcji pracy 3 /
dod. inf. ze s. tyt./ozn. odpow. pod redakcją Ryszardy Czepulis-Rastenis ; Polska Akademia Nauk. Instytut Historii.
246 3# - Inne formy tytułu, wariant tytułu
tytuł Inteligencja polska dziewiętnastego i dwudziestego wieku
250 ## - Oznaczenie wydania
oznaczenie wydania Wydanie pierwsze.
260 ## - Adres wydawniczy
miejsce wydania, dystrybucji itp. Warszawa :
nazwa wydawcy, dystrybutora itp. Państwowe Wydawnictwo Naukowe,
data wydania, dystrybucji itp. 1983.
300 ## - Opis fizyczny
objętość i/lub forma materiału 267, [1] strona ;
format 24 cm.
336 ## - Content Type
Term Tekst
Code txt
Source rdacontent
337 ## - Media Type
Term Bez urządzenia pośredniczącego
Code n
Source rdamedia
338 ## - Carrier Type
Term Wolumin
Code nc
Source rdacarrier
380 ## - Form of work
Form of work Książki
380 ## - Form of work
Form of work Publikacje naukowe
388 1# - TIME PERIOD OF CREATION
Time period of creation term 1901-2000
388 1# - TIME PERIOD OF CREATION
Time period of creation term 1945-1989
500 ## - Uwaga ogólna
uwaga ogólna Tom 1 ukazał się pt. Inteligencja polska pod zaborami. Studia, Warszawa, 1978; tom 2 pt. Inteligencja polska XIX i XX wieku. Studia, Warszawa 1981.
504 ## - Uwaga o bibliografii
uwaga o bibliografii Indeksy.
546 ## - Uwaga o języku opisywanego materiału
uwaga o języku Streszczenia w języku francuskim i rosyjskim.
648 #7 - SUBJECT ADDED ENTRY--CHRONOLOGICAL TERM
Chronological term 1801-1900
Source of heading or term DBN
9 (RLIN) 36037
648 #7 - SUBJECT ADDED ENTRY--CHRONOLOGICAL TERM
Chronological term 1901-2000
Source of heading or term DBN
9 (RLIN) 34996
650 #7 - Hasło przedmiotowe-nazwa pospolita
nazwa pospolita lub geogr. Intelektualiści
określnik geograficzny Polska
określnik chronologiczny 20 w.
źródło hasła kaba
9 (RLIN) 40388
650 #7 - Hasło przedmiotowe-nazwa pospolita
nazwa pospolita lub geogr. Intelektualiści
określnik geograficzny Polska
określnik chronologiczny 19 w.
źródło hasła kaba
9 (RLIN) 40387
650 #7 - Hasło przedmiotowe-nazwa pospolita
nazwa pospolita lub geogr. Inteligencja (socjologia)
źródło hasła DBN
9 (RLIN) 36464
651 #7 - Hasło przedmiotowe-nazwa geogr.
nazwa geograficzna Polska
określnik rzeczowy życie intelektualne
określnik chronologiczny 1795-1918.
źródło hasła kaba
9 (RLIN) 40389
651 #7 - Hasło przedmiotowe-nazwa geogr.
nazwa geograficzna Polska
określnik rzeczowy życie intelektualne
określnik chronologiczny 20 w.
źródło hasła kaba
9 (RLIN) 40390
651 #7 - Hasło przedmiotowe-nazwa geogr.
nazwa geograficzna Polska
źródło hasła DBN
9 (RLIN) 35076
655 #7 - Termin określający rodzaj/formę
rodzaj/forma Praca zbiorowa
źródło terminu DBN
9 (RLIN) 35107
658 ## - Nazwa określająca cel programu nauczania
główny cel programu nauczania Socjologia i społeczeństwo
700 1# - Hasło dodatkowe - nazwa osobowa
nazwa osobowa Czepulis-Rastenis, Ryszarda
daty biograficzne (1928-1994).
rodzaj współpracy Redakcja
9 (RLIN) 27972
710 2# - Hasło dodatkowe - nazwa ciała zbior.
nazwa ciała zbior. lub nazwa geogr. Państwowe Wydawnictwo Naukowe (1951-1992).
rodzaj współpracy Wydawca
kod rodzaju współpracy pbl
9 (RLIN) 8602
710 2# - Hasło dodatkowe - nazwa ciała zbior.
nazwa ciała zbior. lub nazwa geogr. Polska Akademia Nauk.
nazwa jednostki podrzędnej Instytut Historii.
rodzaj współpracy Instytucja sprawcza
9 (RLIN) 6496
920 ## - ISBN
ISBN 83-01-04447-0 (oprawa miękka ; całość)
920 ## - ISBN
ISBN 83-01-04448-9 (oprawa miękka ; t. 3)
942 ## - ADDED ENTRY ELEMENTS (KOHA)
Source of classification or shelving scheme Dewey Decimal Classification
Koha item type pozycje dostępne na miejscu
Egzemplarze
Status wycofania Status zagubienia Klasyfikacja Status uszkodzenia Blokada wypożyczeń Kolekcja Lokalizacja macierzysta Lokalizacja bieżąca Data nabycia Numer akcesji Źródło akcesji Cena Nr inwentarzowy il. wypożyczeń Sygnatura Kod kreskowy Date last seen Price effective from Typ egz.
    Dewey Decimal Classification nieuszkodzona   książka w magazynie Biblioteka Instytutu Północnego w Olsztynie Biblioteka Instytutu Północnego w Olsztynie 05/07/2017 D-46/2017 dar 15.00 59925   59925 IPWK21626 22/04/2026 22/04/2026 pozycje dostępne na miejscu
Biblioteka Instytutu Północnego, ul. Partyzantów 87, 10-402 Olsztyn, email: biblioteka(at)ip.olsztyn.pl